Кабели и провода: учебное пособие для техникумов
| Мова: | Російська |
|---|---|
| Опубліковано: |
Москва, Госэнергоиздат, 1959-1964
|
| Формат: | MixedMaterials Книга |
| KOHA link: | https://koha.lib.tpu.ru/cgi-bin/koha/opac-detail.pl?biblionumber=53223 |
MARC
| LEADER | 00000nam1a2200000 4500 | ||
|---|---|---|---|
| 001 | 53223 | ||
| 005 | 20231031045042.0 | ||
| 035 | |a (RuTPU)RU\TPU\book\55811 | ||
| 090 | |a 53223 | ||
| 100 | |a 20030617d m y0rusy50 ca | ||
| 101 | 0 | |a rus | |
| 102 | |a RU | ||
| 200 | 1 | |a Кабели и провода |e учебное пособие для техникумов | |
| 210 | |a Москва |a Ленинград |c Госэнергоиздат |d 1959-1964 | ||
| 801 | 1 | |a RU |b 63413507 |c 20030617 |g PSBO | |
| 801 | 2 | |a RU |b 63413507 |c 20130924 |g RCR | |
| 942 | |c BK | ||